000 00352nam a2200121Ia 4500
005 20251222141941.0
008 251222s9999||||xx |||||||||||||| ||spa||
082 _a320.985 C28
100 _aCaravedo Molinari, Baltazar
245 0 _aDesarrollo Desigual y Lucha PolĂ­tica en el PerĂș 1948-1956:
264 _bInstituto de Estudios Peruanos
942 _cLIB
999 _c9345
_d9345